00633nam a22002537a 450000500170000000800410001702000180005804100080007608200150008410000210009924500540012026000130017426000130018726000090020030000180020965000240022765000200025165000110027165000130028294200130029599900170030895200270032595200270035220250603161605.0230505b2015 |||||||| |||| 00| 0 spa d a9788494285875 aESP a895.6 Y54g aYokomizo, Seishi aGokumon-Tô: la isla de las puertas del infierno aEspaña bQuaterni c2015 a243 páginas aLITERATURA JAPONESA aNOVELA JAPONESA aGUERRA aMISTERIO cLIT2ddc c13545d13545 o895.6 Y54gp25740yLIT o895.6 Y54gp25741yLIT